[Event "FICGS class M 000072 email"]
[Site "FICGS email"]
[Date "2015.05.18"]
[Round "1"]
[White "Cade, Stephen"]
[Black "Larwinski, Paul"]
[Result "1/2-1/2"]
[WhiteElo "2200"]
[BlackElo "2283"]
[PlyCount "108"]
[EventDate "2015.??.??"]
[EventType "tourn (corr)"]
[EventRounds "6"]
[SourceTitle "Corr 2022"]
[Source "ChessBase"]
[SourceDate "2021.10.24"]
[SourceVersion "1"]
[SourceVersionDate "2021.10.24"]
[SourceQuality "1"]

1. d4 Nf6 2. c4 e6 3. Nc3 Bb4 4. e3 b6 5. Nge2 Ne4 6. f3 Nxc3 7. bxc3 Be7 8. e4 Nc6 9. Ng3 h5 10. Bd3 h4 11. Nf1 e5 12. d5 Na5 13. Ne3 Bg5 14. 0-0 Nb7 15. Bc2 d6 16. Ba4+ Bd7 17. Bxd7+ Qxd7 18. h3 Nc5 19. Qe2 Qd8 20. Nc2 Bxc1 21. Raxc1 Qg5 22. Nb4 0-0 23. Nd3 Nd7 24. Rce1 Rae8 25. f4 exf4 26. Rxf4 Ne5 27. Rf5 Qg3 28. Nxe5 Rxe5 29. Rf3 Qg5 30. Qf2 Qe7 31. Rf4 g5 32. Rf5 f6 33. Rxe5 Qxe5 34. Qf5 Kg7 35. Qxe5 fxe5 36. Rf1 Rc8 37. Kf2 c6 38. c5 bxc5 39. dxc6 Rxc6 40. Kf3 Ra6 41. Rd1 Kf7 42. Kg4 Ke6 43. Kxg5 Rxa2 44. Rg1 Re2 45. Kxh4 Rxe4+ 46. g4 Rf4 47. Kh5 e4 48. g5 Kf7 49. Ra1 e3 50. Rxa7+ Ke6 51. g6 Rf3 52. Ra8 Rxh3+ 53. Kg4 Rh1 54. Kf3 Rh3+ 1/2-1/2

[Event "FICGS class M 000072 email"]
[Site "FICGS email"]
[Date "2015.05.18"]
[Round "1"]
[White "Cade, Stephen"]
[Black "Wosch, Arkadiusz Janusz"]
[Result "1/2-1/2"]
[WhiteElo "2200"]
[BlackElo "2275"]
[PlyCount "59"]
[EventDate "2015.??.??"]
[EventType "tourn (corr)"]
[EventRounds "6"]
[SourceTitle "Corr 2022"]
[Source "ChessBase"]
[SourceDate "2021.10.24"]
[SourceVersion "1"]
[SourceVersionDate "2021.10.24"]
[SourceQuality "1"]

1. d4 Nf6 2. c4 e6 3. Nc3 Bb4 4. e3 0-0 5. Bd3 d5 6. Nf3 c5 7. 0-0 Nc6 8. a3 Bxc3 9. bxc3 dxc4 10. Bxc4 Qc7 11. Bb2 e5 12. h3 Bf5 13. Qe2 Rfd8 14. Ba2 Bg6 15. Rfd1 Bh5 16. g4 Nxg4 17. hxg4 Bxg4 18. Bb1 Re8 19. Be4 exd4 20. Bxh7+ Kf8 21. cxd4 cxd4 22. Bxd4 Qa5 23. Kg2 g6 24. Qc4 Bxf3+ 25. Kxf3 Qh5+ 26. Kg2 Qg4+ 27. Kf1 Qh3+ 28. Kg1 Qg4+ 29. Kf1 Qh3+ 30. Kg1 1/2-1/2

[Event "FICGS class M 000072 email"]
[Site "FICGS email"]
[Date "2015.05.18"]
[Round "1"]
[White "Simmelink, Joop Theo"]
[Black "Cade, Stephen"]
[Result "1/2-1/2"]
[WhiteElo "2313"]
[BlackElo "2200"]
[PlyCount "69"]
[EventDate "2015.??.??"]
[EventType "tourn (corr)"]
[EventRounds "6"]
[SourceTitle "Corr 2022"]
[Source "ChessBase"]
[SourceDate "2021.10.24"]
[SourceVersion "1"]
[SourceVersionDate "2021.10.24"]
[SourceQuality "1"]

1. e4 c5 2. Nf3 d6 3. d4 cxd4 4. Nxd4 Nf6 5. Nc3 a6 6. Be3 e5 7. Nb3 Be6 8. h3 Be7 9. f4 exf4 10. Bxf4 Nc6 11. Qe2 Nd7 12. 0-0-0 Nce5 13. Kb1 Rc8 14. Qe3 Qc7 15. Nd4 Nb6 16. Qg3 0-0 17. Be2 Bf6 18. Rhf1 Rfe8 19. Bc1 Nbd7 20. Bh6 Ng6 21. Be3 Be5 22. Qf2 b5 23. Nd5 Bxd5 24. exd5 Bxd4 25. Qxf7+ Kh8 26. Bxd4 Qxc2+ 27. Ka1 Nge5 28. Qf2 Nf6 29. Bf3 Qxf2 30. Rxf2 Kg8 31. a3 Rc4 32. Ka2 Nxf3 33. Rxf3 Ne4 34. Kb1 Rec8 35. Re3 1/2-1/2

[Event "FICGS class A 000158 email"]
[Site "FICGS email"]
[Date "2014.12.13"]
[Round "1"]
[White "Ortiz, Clodomiro"]
[Black "Cade, Stephen"]
[Result "1/2-1/2"]
[WhiteElo "2050"]
[BlackElo "2183"]
[PlyCount "59"]
[EventDate "2014.??.??"]
[EventType "tourn (corr)"]
[EventRounds "6"]
[SourceTitle "Corr 2022"]
[Source "ChessBase"]
[SourceDate "2021.10.24"]
[SourceVersion "1"]
[SourceVersionDate "2021.10.24"]
[SourceQuality "1"]

1. d4 d5 2. c4 c6 3. Nd2 Nf6 4. Ngf3 Bf5 5. e3 h6 6. Qb3 Qb6 7. Qxb6 axb6 8. cxd5 cxd5 9. b3 e6 10. Bb5+ Nc6 11. Bb2 Bd6 12. a3 Ke7 13. 0-0 g5 14. b4 g4 15. Ne5 Na7 16. Be2 h5 17. Rac1 Rhg8 18. Kh1 Ne4 19. Nxe4 Bxe4 20. f3 gxf3 21. gxf3 Bh7 22. Rg1 f6 23. Nd3 Rxg1+ 24. Rxg1 Kf7 25. Rc1 Rg8 26. Nf4 Bxf4 27. exf4 Rc8 28. Rxc8 Nxc8 29. a4 Bc2 30. a5 1/2-1/2

[Event "FICGS class A 000158 email"]
[Site "FICGS email"]
[Date "2014.12.13"]
[Round "1"]
[White "Ramos, Francisco Miguel R"]
[Black "Cade, Stephen"]
[Result "0-1"]
[WhiteElo "1973"]
[BlackElo "2183"]
[PlyCount "50"]
[EventDate "2014.??.??"]
[EventType "tourn (corr)"]
[EventRounds "6"]
[SourceTitle "Corr 2022"]
[Source "ChessBase"]
[SourceDate "2021.10.24"]
[SourceVersion "1"]
[SourceVersionDate "2021.10.24"]
[SourceQuality "1"]

1. e4 c5 2. Nf3 d6 3. d4 cxd4 4. Nxd4 Nf6 5. Nc3 a6 6. f3 e5 7. Nb3 Be6 8. Nd5 Nxd5 9. exd5 Bf5 10. Be2 Nd7 11. Be3 Be7 12. 0-0 0-0 13. Bd3 Bxd3 14. Qxd3 Bg5 15. Rae1 Bxe3+ 16. Rxe3 f5 17. Rfe1 Rc8 18. a4 Nb6 19. Na5 f4 20. Re4 Qc7 21. Kh1 Qxc2 22. Qxc2 Rxc2 23. Nxb7 Rf6 24. Nd8 Nxd5 25. Rd4 exd4 0-1

[Event "FICGS class A 000158 email"]
[Site "FICGS email"]
[Date "2014.12.13"]
[Round "1"]
[White "Sorcinelli, Andrea"]
[Black "Cade, Stephen"]
[Result "1/2-1/2"]
[WhiteElo "1993"]
[BlackElo "2183"]
[PlyCount "73"]
[EventDate "2014.??.??"]
[EventType "tourn (corr)"]
[EventRounds "6"]
[SourceTitle "Corr 2022"]
[Source "ChessBase"]
[SourceDate "2021.10.24"]
[SourceVersion "1"]
[SourceVersionDate "2021.10.24"]
[SourceQuality "1"]

1. e4 c5 2. Nf3 d6 3. d4 cxd4 4. Nxd4 Nf6 5. Nc3 a6 6. Bg5 e6 7. f4 Qc7 8. Bxf6 gxf6 9. Qd2 b5 10. Be2 b4 11. Nd1 Nc6 12. Ne3 Bb7 13. 0-0-0 Nxd4 14. Qxd4 Qc5 15. Bf3 Rc8 16. Rhe1 Be7 17. Qxc5 dxc5 18. Nc4 Bc6 19. Kd2 Bb5 20. Be2 Rg8 21. g3 h5 22. Ke3 h4 23. g4 Rd8 24. h3 Rxd1 25. Rxd1 f5 26. g5 f6 27. Nd6+ Bxd6 28. Bxb5+ axb5 29. Rxd6 Ke7 30. Rc6 fxg5 31. exf5 exf5 32. fxg5 Rxg5 33. Kf4 Rg3 34. Rxc5 Rxh3 35. Kxf5 Rh2 36. Kg4 h3 37. Kg3 1/2-1/2

[Event "FICGS rapid M 000072 email"]
[Site "FICGS email"]
[Date "2014.06.01"]
[Round "1"]
[White "Cade, Stephen"]
[Black "Kuster, Zeljko"]
[Result "1/2-1/2"]
[WhiteElo "2194"]
[BlackElo "2131"]
[PlyCount "104"]
[EventDate "2014.??.??"]
[EventType "tourn (rapid)"]
[EventRounds "6"]
[SourceTitle "Corr 2022"]
[Source "ChessBase"]
[SourceDate "2021.10.24"]
[SourceVersion "1"]
[SourceVersionDate "2021.10.24"]
[SourceQuality "1"]

1. d4 Nf6 2. c4 e6 3. Nf3 b6 4. g3 Bb7 5. Bg2 Be7 6. 0-0 0-0 7. Re1 Na6 8. Nc3 Ne4 9. Nxe4 Bxe4 10. Ne5 Bxg2 11. Kxg2 c5 12. d5 Qc7 13. Nf3 exd5 14. cxd5 d6 15. Bf4 Bf6 16. Qb3 Rfe8 17. e4 Nb8 18. Qb5 Nd7 19. Rad1 Rac8 20. Re2 Nf8 21. h4 h5 22. Bg5 Nd7 23. Nd2 Bd4 24. Bf4 Be5 25. Nc4 Bxf4 26. gxf4 Nf8 27. f5 Qe7 28. f3 Nd7 29. Kh3 Ne5 30. Qb3 Nxc4 31. Qxc4 f6 32. Rg1 Rc7 33. Qc1 Kh8 34. Qf1 Qe5 35. Qg2 Rd8 36. a4 Rb7 37. Ree1 Qe8 38. Ra1 a5 39. Qd2 Rdd7 40. Rg2 Re7 41. Ra3 Red7 42. Qe2 Qe5 43. Rg6 Re7 44. Qh2 Qxh2+ 45. Kxh2 Kg8 46. Kg3 Rb8 47. Kf4 b5 48. axb5 Rxb5 49. Rg1 Ra7 50. Rb1 Kf7 51. Rba1 Ke7 52. Ke3 Kd8 1/2-1/2

[Event "FICGS rapid M 000072 email"]
[Site "FICGS email"]
[Date "2014.06.01"]
[Round "1"]
[White "Cade, Stephen"]
[Black "Wyngaarden, Martin"]
[Result "1-0"]
[WhiteElo "2194"]
[BlackElo "2178"]
[PlyCount "93"]
[EventDate "2014.??.??"]
[EventType "tourn (rapid)"]
[EventRounds "6"]
[SourceTitle "Corr 2022"]
[Source "ChessBase"]
[SourceDate "2021.10.24"]
[SourceVersion "1"]
[SourceVersionDate "2021.10.24"]
[SourceQuality "1"]

1. d4 d5 2. c4 c6 3. Nf3 Nf6 4. Nc3 e6 5. Bg5 h6 6. Bh4 dxc4 7. e4 g5 8. Bg3 b5 9. Be2 Bb7 10. 0-0 Nbd7 11. Ne5 h5 12. Nxd7 Qxd7 13. Qc1 Rg8 14. Rd1 h4 15. Be5 Qe7 16. h3 a6 17. b3 Nd7 18. Bh2 b4 19. Na4 c3 20. a3 a5 21. Qc2 Rg6 22. Nc5 Nxc5 23. dxc5 e5 24. axb4 axb4 25. Rxa8+ Bxa8 26. Qd3 g4 27. Bxg4 Rxg4 28. hxg4 Bb7 29. Bxe5 c2 30. Qxc2 Qxe5 31. Qd2 Qc7 32. Qxb4 Be7 33. Qd4 Bc8 34. Qh8+ Bf8 35. Qxh4 Bxc5 36. Qh8+ Bf8 37. g5 Qf4 38. Qc3 c5 39. Qa1 Be7 40. Rd5 f6 41. gxf6 Bxf6 42. Qa4+ Kf7 43. Rxc5 Be6 44. g3 Qb8 45. Qb5 Qxb5 46. Rxb5 Bd7 47. Rb7 1-0

[Event "FICGS rapid M 000072 email"]
[Site "FICGS email"]
[Date "2014.06.01"]
[Round "1"]
[White "Larwinski, Paul"]
[Black "Cade, Stephen"]
[Result "1/2-1/2"]
[WhiteElo "2232"]
[BlackElo "2194"]
[PlyCount "71"]
[EventDate "2014.??.??"]
[EventType "tourn (rapid)"]
[EventRounds "6"]
[SourceTitle "Corr 2022"]
[Source "ChessBase"]
[SourceDate "2021.10.24"]
[SourceVersion "1"]
[SourceVersionDate "2021.10.24"]
[SourceQuality "1"]

1. c4 c5 2. Nf3 Nc6 3. Nc3 e5 4. d3 d6 5. e3 Nf6 6. d4 Bf5 7. Be2 cxd4 8. exd4 Ne4 9. Nxe4 Bxe4 10. 0-0 Be7 11. d5 Bxf3 12. Bxf3 Nd4 13. Be4 f5 14. Bd3 0-0 15. Be3 Qb6 16. Qd2 g6 17. f4 Bf6 18. Kh1 a5 19. Rad1 Qb4 20. Qf2 Rae8 21. Rfe1 Kg7 22. h3 Qc5 23. b3 b6 24. Bf1 h5 25. g3 Qb4 26. Rb1 Qc5 27. Bd3 b5 28. Kg2 bxc4 29. bxc4 Qa3 30. fxe5 dxe5 31. Bxd4 Qxd3 32. Bc5 Rf7 33. Rbc1 Bg5 34. Be3 f4 35. gxf4 Bxf4 36. Qe2 1/2-1/2

[Event "FICGS rapid M 000072 email"]
[Site "FICGS email"]
[Date "2014.06.01"]
[Round "1"]
[White "Wosch, Arkadiusz Janusz"]
[Black "Cade, Stephen"]
[Result "1-0"]
[WhiteElo "2168"]
[BlackElo "2194"]
[PlyCount "105"]
[EventDate "2014.??.??"]
[EventType "tourn (rapid)"]
[EventRounds "6"]
[SourceTitle "Corr 2022"]
[Source "ChessBase"]
[SourceDate "2021.10.24"]
[SourceVersion "1"]
[SourceVersionDate "2021.10.24"]
[SourceQuality "1"]

1. e4 e6 2. d4 d5 3. Nc3 Nf6 4. Bg5 Bb4 5. e5 h6 6. Bd2 Bxc3 7. bxc3 Ne4 8. Qg4 Kf8 9. Bd3 Nxd2 10. Kxd2 c5 11. h4 c4 12. Be2 Nc6 13. Nh3 b5 14. Nf4 Qa5 15. Rhb1 Nxd4 16. Ng6+ fxg6 17. Qxd4 Kf7 18. h5 Bd7 19. a4 bxa4 20. Rb7 Ke7 21. Rab1 Rhc8 22. hxg6 Qc5 23. Qh4+ Ke8 24. Qf4 Qe7 25. Rh1 Kd8 26. Rxh6 Rc7 27. Rh8+ Be8 28. Rb4 a3 29. Qd4 Qd7 30. f4 Rac8 31. Bf3 a2 32. f5 exf5 33. Rh1 Qe7 34. Ke2 Qc5 35. Rb2 a5 36. Rxa2 Bxg6 37. Rha1 Ra7 38. Bxd5 Be8 39. Bf3+ Qxd4 40. cxd4 a4 41. Ke3 g5 42. d5 c3 43. Rb1 a3 44. Rb4 g4 45. Be2 Ra5 46. Kd4 Ke7 47. Rb7+ Kd8 48. e6 Rcc5 49. Bc4 Rc7 50. Rb8+ Rc8 51. Rxc8+ Kxc8 52. d6 Kb7 53. d7 1-0